[Event "Heusenstamm Sparkassen op-A 7th"]
[Site "Heusenstamm"]
[Date "2021.11.21"]
[Round "6.27"]
[White "Ochs, Daniel Elias"]
[Black "Spilles, Matthias"]
[Result "1-0"]
[WhiteElo "1966"]
[BlackElo "2088"]
[PlyCount "53"]
[EventDate "2021.11.18"]
[EventType "swiss"]
[EventRounds "7"]
[EventCountry "GER"]
[SourceTitle "EXT 2023"]
[Source "ChessBase"]
[SourceDate "2022.10.05"]
[SourceVersion "1"]
[SourceVersionDate "2022.10.05"]
[SourceQuality "1"]

1. d4 e6 2. c4 Nf6 3. Nf3 Bb4+ 4. Bd2 Bxd2+ 5. Qxd2 d6 6. Nc3 0-0 7. g3 Qe7 8. Bg2 e5 9. 0-0 Nc6 10. dxe5 dxe5 11. Nd5 Nxd5 12. cxd5 Rd8 13. e4 Bg4 14. Qc3 Bxf3 15. dxc6 Bg4 16. cxb7 Rab8 17. h3 Bh5 18. g4 Bg6 19. Rad1 Rd6 20. Rd5 f6 21. f4 Rxd5 22. exd5 Qd6 23. fxe5 Qxe5 24. Qxe5 fxe5 25. d6 cxd6 26. Bd5+ Kh8 27. Rc1 1-0

[Event "Heusenstamm Sparkassen op-A 6th"]
[Site "Heusenstamm"]
[Date "2019.11.24"]
[Round "7"]
[White "Ohler, Julius"]
[Black "Spilles, Matthias"]
[Result "0-1"]
[WhiteElo "1884"]
[BlackElo "2074"]
[PlyCount "100"]
[EventDate "2019.11.21"]
[EventType "swiss"]
[EventRounds "7"]
[EventCountry "GER"]
[SourceTitle "CBM 194 Extra"]
[Source "ChessBase"]
[SourceDate "2020.03.31"]
[SourceVersion "1"]
[SourceVersionDate "2020.03.31"]
[SourceQuality "1"]

1. d4 Nf6 2. c4 e6 3. Nc3 Bb4 4. a3 Bxc3+ 5. bxc3 c5 6. Nf3 Nc6 7. e3 d6 8. Be2 0-0 9. 0-0 b6 10. Bb2 Ba6 11. Nd2 Rc8 12. f4 Na5 13. Rc1 Qe7 14. Kh1 Rc7 15. Bd3 d5 16. Qe2 dxc4 17. Nxc4 Nxc4 18. Bxc4 Bxc4 19. Qxc4 cxd4 20. Qxd4 Rd8 21. Qb4 Nd5 22. Qxe7 Rxe7 23. Rfe1 Nf6 24. c4 Ne4 25. Bd4 Rc7 26. Rc2 Rdc8 27. Rec1 f6 28. g3 Kf7 29. Kg2 Nd6 30. c5 Nb7 31. c6 Na5 32. Kf3 Rxc6 33. Rxc6 Rxc6 34. Rxc6 Nxc6 35. Bc3 f5 36. e4 g6 37. g4 Ke7 38. h4 h5 39. gxf5 gxf5 40. e5 Kd7 41. Ke3 Ne7 42. Be1 Nd5+ 43. Kf3 Kc6 44. a4 a5 45. Bd2 Kc5 46. Ke2 Kc4 47. Be3 Kb4 48. Kd3 Nxe3 49. Kxe3 Kxa4 50. Kd4 Kb3 0-1

[Event "Heusenstamm Sparkassen op-A 6th"]
[Site "Heusenstamm"]
[Date "2019.11.22"]
[Round "3"]
[White "Spilles, Matthias"]
[Black "Odendahl, Reiner"]
[Result "1/2-1/2"]
[WhiteElo "2074"]
[BlackElo "2351"]
[PlyCount "45"]
[EventDate "2019.11.21"]
[EventType "swiss"]
[EventRounds "7"]
[EventCountry "GER"]
[SourceTitle "CBM 194 Extra"]
[Source "ChessBase"]
[SourceDate "2020.03.31"]
[SourceVersion "1"]
[SourceVersionDate "2020.03.31"]
[SourceQuality "1"]

1. e4 c5 2. Nf3 d6 3. d4 cxd4 4. Nxd4 Nf6 5. Nc3 a6 6. Be3 Ng4 7. Bc1 Nf6 8. Be3 Ng4 9. Bg5 h6 10. Bh4 g5 11. Bg3 Bg7 12. Be2 h5 13. Bxg4 hxg4 14. Qd2 Nc6 15. Nf5 Bxf5 16. exf5 Qa5 17. Nd5 Qxd2+ 18. Kxd2 0-0-0 19. c3 Be5 20. Ne3 Bxg3 21. hxg3 Ne5 22. Ke2 Kd7 23. f4 1/2-1/2

[Event "NRW Class1 1617"]
[Site "Germany"]
[Date "2017.01.22"]
[Round "5.7"]
[White "Kueppers, Timo"]
[Black "Spilles, Matthias"]
[Result "1/2-1/2"]
[WhiteElo "2061"]
[BlackElo "2122"]
[PlyCount "192"]
[EventDate "2016.09.25"]
[EventType "team-tourn"]
[EventRounds "9"]
[EventCountry "GER"]
[SourceTitle "EXT 2023"]
[Source "ChessBase"]
[SourceDate "2022.10.05"]
[SourceVersion "1"]
[SourceVersionDate "2022.10.05"]
[SourceQuality "1"]
[WhiteTeam "Katernberg SF II"]
[BlackTeam "Bruehl"]
[WhiteTeamCountry "GER"]
[BlackTeamCountry "GER"]

1. e4 e6 2. d4 d5 3. Nd2 Be7 4. Bd3 c5 5. dxc5 Nf6 6. Qe2 a5 7. Ngf3 0-0 8. 0-0 Na6 9. e5 Nd7 10. c4 Naxc5 11. Bc2 b6 12. Nd4 Qc7 13. Re1 Qxe5 14. Qxe5 Nxe5 15. Rxe5 Bf6 16. f4 dxc4 17. Nxc4 Ba6 18. Nd2 Rfd8 19. N2f3 Rac8 20. Be3 Bxe5 21. fxe5 Nd3 22. Bxd3 Bxd3 23. a4 Rc4 24. Nb5 Rb4 25. Bxb6 Ra8 26. Bc5 Rxb2 27. Bd4 Rb4 28. Bc3 Bxb5 29. axb5 Rxb5 30. Ra4 h6 31. Nd2 Rc5 32. Ne4 Rd5 33. Kf2 Kh7 34. Ke3 Kg6 35. Nd6 f5 36. Nb7 Rc8 37. Ra3 a4 38. Bd4 Rc4 39. Bc3 Re4+ 40. Kf2 Rd3 41. Nc5 Rf4+ 42. Ke2 Rd5 43. Nxa4 Re4+ 44. Kf2 f4 45. Nb2 Rc5 46. Nd3 Rcc4 47. Bd2 Kf5 48. Ra8 Red4 49. Rf8+ Ke4 50. Ke2 g5 51. Ne1 Ra4 52. Nf3 Rd7 53. h4 Ra2 54. hxg5 hxg5 55. Rg8 Raa7 56. Rg6 Rg7 57. Rxe6 g4 58. Ne1 Raf7 59. Ra6 f3+ 60. gxf3+ gxf3+ 61. Kf2 Rh7 62. e6 Rh2+ 63. Kf1 Rfh7 64. Ra4+ Kf5 65. Nxf3 Rh1+ 66. Ke2 R1h2+ 67. Nxh2 Rxh2+ 68. Kd3 Kxe6 69. Ra5 Rh4 70. Bc3 Kd6 71. Bd4 Ke6 72. Re5+ Kd6 73. Kc4 Rg4 74. Rh5 Rg6 75. Re5 Rg4 76. Ra5 Ke6 77. Ra6+ Kf5 78. Kd5 Rg6 79. Ra8 Kg4 80. Ke4 Re6+ 81. Be5 Kg5 82. Ra1 Kg6 83. Rg1+ Kf7 84. Rg7+ Ke8 85. Ra7 Re7 86. Ra6 Kf7 87. Kf5 Rb7 88. Rh6 Rd7 89. Bd6 Kg7 90. Rg6+ Kf7 91. Rf6+ Kg7 92. Kg5 Rb7 93. Bf8+ Kg8 94. Kg6 Rg7+ 95. Kh5 Rf7 96. Rxf7 Kxf7 1/2-1/2

[Event "Mittelrhein Regionalliga 15/16"]
[Site "Nordrheinwestfalen"]
[Date "2016.01.31"]
[Round "6.6"]
[White "Spilles, Matthias"]
[Black "Kutzner, Stephen"]
[Result "1/2-1/2"]
[WhiteElo "2070"]
[BlackElo "2020"]
[PlyCount "116"]
[EventDate "2015.09.27"]
[EventType "team-tourn"]
[EventRounds "9"]
[EventCountry "GER"]
[SourceTitle "EXT 2022"]
[Source "ChessBase"]
[SourceDate "2021.10.06"]
[SourceVersion "1"]
[SourceVersionDate "2021.10.06"]
[SourceQuality "1"]
[WhiteTeam "Bruehl"]
[BlackTeam "Godesberg III"]
[WhiteTeamCountry "GER"]
[BlackTeamCountry "GER"]

1. e4 c5 2. Nf3 Nc6 3. d4 cxd4 4. Nxd4 Nf6 5. Nc3 e5 6. Ndb5 d6 7. Bg5 a6 8. Na3 b5 9. Nd5 Be7 10. Bxf6 Bxf6 11. c3 Bg5 12. Nc2 Rb8 13. a4 bxa4 14. Ncb4 Bd7 15. Bxa6 Nxb4 16. cxb4 0-0 17. 0-0 Bc6 18. Rxa4 Bxa4 19. Qxa4 f5 20. exf5 Rxf5 21. Qc6 e4 22. Qc4 Re5 23. Ne7+ Kh8 24. Nc6 Qe8 25. Nxb8 Qxb8 26. Rd1 Bf6 27. b5 e3 28. fxe3 Rxe3 29. Qc6 Re2 30. Qxd6 Qxd6 31. Rxd6 Rxb2 32. Kf1 Kg8 33. b6 Be5 34. Rc6 Bxh2 35. Bc4+ Kf8 36. Bd5 Bg3 37. b7 Rf2+ 38. Kg1 Rb2 39. Rc1 Ke7 40. Be4 h6 41. Rc3 Be5 42. Rd3 Kf6 43. Kf1 Kg5 44. Rf3 g6 45. Rf8 Kg4 46. Bxg6 Rxb7 47. Bf5+ Kg3 48. Be4 Rb4 49. Bf3 Rb2 50. Rg8+ Kf4 51. Rg4+ Kf5 52. Rg8 Bf6 53. Ke1 Bg5 54. Rf8+ Ke5 55. Re8+ Kd4 56. Re2 Rb3 57. Re4+ Kd3 58. Kf2 Rb2+ 1/2-1/2

[Event "Mittelrhein Regionalliga 1314"]
[Site "Mittelrhein"]
[Date "2014.02.09"]
[Round "7.5"]
[White "Spilles, Matthias"]
[Black "Hoeren, Andreas"]
[Result "0-1"]
[WhiteElo "2054"]
[BlackElo "2113"]
[PlyCount "66"]
[EventDate "2013.09.15"]
[EventType "team-tourn"]
[EventRounds "11"]
[EventCountry "GER"]
[SourceTitle "EXT 2023"]
[Source "ChessBase"]
[SourceDate "2022.10.05"]
[SourceVersion "1"]
[SourceVersionDate "2022.10.05"]
[SourceQuality "1"]
[WhiteTeam "Bruehl"]
[BlackTeam "Koeln Lasker"]
[WhiteTeamCountry "GER"]
[BlackTeamCountry "GER"]

1. e4 c6 2. d4 d5 3. Nc3 dxe4 4. Nxe4 Nf6 5. Nxf6+ gxf6 6. c3 Nd7 7. Nf3 Nb6 8. g3 Bg4 9. Bg2 Qd7 10. 0-0 h5 11. Qd3 0-0-0 12. a4 Bh3 13. a5 Nd5 14. a6 b6 15. c4 Bxg2 16. Kxg2 Nc7 17. Be3 h4 18. b4 hxg3 19. fxg3 Bh6 20. b5 Bxe3 21. Qxe3 Qe6 22. Qc3 Qh3+ 23. Kf2 Ne6 24. c5 bxc5 25. Rfe1 Qf5 26. dxc5 Rxh2+ 27. Ke3 Rh3 28. b6 Rxg3 29. b7+ Kb8 30. Kf2 Rxf3+ 31. Qxf3 Rd2+ 32. Re2 Rxe2+ 33. Kxe2 Nd4+ 0-1

[Event "Mittelrhein Regionalliga 1314"]
[Site "Mittelrhein"]
[Date "2013.10.13"]
[Round "2.5"]
[White "Spilles, Matthias"]
[Black "Strocka, Bjoern"]
[Result "1/2-1/2"]
[WhiteElo "2032"]
[BlackElo "2021"]
[PlyCount "22"]
[EventDate "2013.09.15"]
[EventType "team-tourn"]
[EventRounds "11"]
[EventCountry "GER"]
[SourceTitle "EXT 2023"]
[Source "ChessBase"]
[SourceDate "2022.10.05"]
[SourceVersion "1"]
[SourceVersionDate "2022.10.05"]
[SourceQuality "1"]
[WhiteTeam "Bruehl"]
[BlackTeam "Gruenfeld"]
[WhiteTeamCountry "GER"]
[BlackTeamCountry "GER"]

1. e4 c5 2. Nf3 Nc6 3. Bb5 e6 4. 0-0 Nge7 5. Re1 a6 6. Bf1 d5 7. exd5 Nxd5 8. d3 Be7 9. Nbd2 0-0 10. g3 b5 11. Bg2 Bb7 1/2-1/2

[Event "Verbandsliga Mittelrhein-Ost 1213"]
[Site "Germany"]
[Date "2013.02.03"]
[Round "7.1"]
[White "Baer, Marco"]
[Black "Spilles, Matthias"]
[Result "0-1"]
[WhiteElo "2020"]
[BlackElo "2004"]
[PlyCount "84"]
[EventDate "2012.09.09"]
[EventType "team"]
[EventRounds "11"]
[EventCountry "GER"]
[SourceTitle "EXT 2015"]
[Source "ChessBase"]
[SourceDate "2014.11.20"]
[SourceVersion "1"]
[SourceVersionDate "2014.11.20"]
[SourceQuality "1"]
[WhiteTeam "Bayer Leverkusen II"]
[BlackTeam "Bruehl II"]
[WhiteTeamCountry "GER"]
[BlackTeamCountry "GER"]

1. e4 e6 2. d4 d5 3. Nc3 Nf6 4. Bg5 dxe4 5. Nxe4 Be7 6. Bxf6 Bxf6 7. Nf3 Nd7 8. Bd3 c5 9. Nxf6+ Qxf6 10. Qe2 0-0 11. c3 cxd4 12. cxd4 Qf4 13. Rd1 b6 14. g3 Qc7 15. Be4 Bb7 16. Bxb7 Qxb7 17. 0-0 Qd5 18. b3 a5 19. Ne5 Nf6 20. Nc4 Qb5 21. Qe5 Nd5 22. f4 a4 23. f5 axb3 24. Nd6 Qd7 25. fxe6 Qxe6 26. Qxe6 fxe6 27. axb3 Ne3 28. Rxf8+ Kxf8 29. Re1 Ke7 30. Rxe3 Kxd6 31. Re5 Ra3 32. Rb5 Kc6 33. Re5 Rxb3 34. Rxe6+ Kd7 35. Re5 Rd3 36. Rf5 Rxd4 37. Rf7+ Kc6 38. Rxg7 Rd7 39. Rg5 b5 40. Kf1 b4 41. Re5 b3 42. g4 Rd1+ 0-1

[Event "Mittelrhein-chT 1112"]
[Site "Germany"]
[Date "2012.05.20"]
[Round "13.1"]
[White "Spilles, Matthias"]
[Black "Andok, Claus Michael"]
[Result "1-0"]
[WhiteElo "1861"]
[BlackElo "2093"]
[PlyCount "119"]
[EventDate "2011.09.11"]
[EventType "team-tourn"]
[EventRounds "13"]
[EventCountry "GER"]
[SourceTitle "EXT 2013"]
[Source "ChessBase"]
[SourceDate "2012.11.22"]
[SourceVersion "1"]
[SourceVersionDate "2012.11.22"]
[SourceQuality "1"]
[WhiteTeam "Bruehl II"]
[BlackTeam "Wuerselen"]
[WhiteTeamCountry "GER"]
[BlackTeamCountry "GER"]

1. e4 c6 2. d4 d5 3. Nc3 g6 4. Be3 Bg7 5. Qd2 h5 6. e5 Bf5 7. f4 Nh6 8. Nf3 e6 9. Be2 Bf8 10. h3 Rg8 11. Rg1 Be7 12. Ng5 h4 13. Bf2 a6 14. Bxh4 c5 15. Bf2 cxd4 16. Bxd4 Nc6 17. Nf3 b5 18. Bf2 Qa5 19. g4 b4 20. Nxd5 exd5 21. gxf5 Nxf5 22. Qd3 Rh8 23. Nd2 b3 24. c3 bxa2 25. Nb3 Qa4 26. Qxd5 Rd8 27. Qc4 Qxc4 28. Bxc4 Rxh3 29. Rxa2 Ne3 30. Be2 Nb4 31. Bxe3 Nxa2 32. Bd2 Nb4 33. Bf1 Nd3+ 34. Kd1 Rh2 35. Kc2 Ne1+ 36. Kc1 Rdxd2 37. Nxd2 Rxd2 38. Bxa6 Rc2+ 39. Kb1 Bh4 40. Rxe1 Bxe1 41. Kxc2 Bg3 42. Kd3 Bxf4 43. Ke4 Bc1 44. b4 Bd2 45. Kd3 Bf4 46. Ke4 Bd2 47. Kd4 Be1 48. b5 Kd7 49. c4 Kc7 50. Kd5 Kd7 51. c5 Bf2 52. b6 Kd8 53. Kd6 Bd4 54. b7 Bxc5+ 55. Kxc5 Kc7 56. Kd5 Kb8 57. Kd6 g5 58. Ke7 g4 59. Kxf7 g3 60. Bf1 1-0

[Event "Mittelrhein-chT 1112"]
[Site "Germany"]
[Date "2011.11.27"]
[Round "5.1"]
[White "Andersen, Hans Christoph"]
[Black "Spilles, Matthias"]
[Result "1-0"]
[WhiteElo "2221"]
[BlackElo "1861"]
[PlyCount "65"]
[EventDate "2011.09.11"]
[EventType "team-tourn"]
[EventRounds "13"]
[EventCountry "GER"]
[SourceTitle "EXT 2013"]
[Source "ChessBase"]
[SourceDate "2012.11.22"]
[SourceVersion "1"]
[SourceVersionDate "2012.11.22"]
[SourceQuality "1"]
[WhiteTeam "Godesberg II"]
[BlackTeam "Bruehl II"]
[WhiteTeamCountry "GER"]
[BlackTeamCountry "GER"]

1. d4 Nf6 2. c4 g6 3. Nc3 Bg7 4. e4 d6 5. Be2 0-0 6. Bg5 Na6 7. Nf3 h6 8. Bf4 Nh5 9. Be3 e5 10. Qd2 Kh7 11. Rd1 Be6 12. 0-0 Qe8 13. b4 f5 14. b5 f4 15. bxa6 bxa6 16. d5 Bd7 17. c5 g5 18. Bxa6 g4 19. Ne1 Qg6 20. c6 fxe3 21. Qxe3 Be8 22. Bb7 Rd8 23. Qxa7 Nf4 24. Ba6 Rf7 25. Nc2 Nh3+ 26. Kh1 Rf3 27. gxf3 gxf3 28. Rg1 Ra8 29. Qe3 Nxg1 30. Rxg1 Qh5 31. Bb7 Rd8 32. Ne1 Bf6 33. Qxf3 1-0

[Event "Mittelrhein-chT 1112"]
[Site "Germany"]
[Date "2011.09.11"]
[Round "1.1"]
[White "Keller, Thomas L"]
[Black "Spilles, Matthias"]
[Result "1/2-1/2"]
[WhiteElo "2233"]
[BlackElo "1861"]
[PlyCount "27"]
[EventDate "2011.09.11"]
[EventType "team-tourn"]
[EventRounds "13"]
[EventCountry "GER"]
[SourceTitle "EXT 2013"]
[Source "ChessBase"]
[SourceDate "2012.11.22"]
[SourceVersion "1"]
[SourceVersionDate "2012.11.22"]
[SourceQuality "1"]
[WhiteTeam "Bruehl"]
[BlackTeam "Bruehl II"]
[WhiteTeamCountry "GER"]
[BlackTeamCountry "GER"]

1. e4 e6 2. d3 d5 3. Qe2 Nf6 4. g3 Be7 5. Bg2 dxe4 6. dxe4 e5 7. Nf3 Nc6 8. 0-0 0-0 9. Re1 Qe8 10. c3 Bc5 11. b4 Bb6 12. h3 h6 13. Ba3 Nd7 14. Nbd2 1/2-1/2